Tables annuelles de constantes et données numériques ; 40 Volume XIV. Chapitre 62.

Guardado en:
Autor Principal: Dervichian, Dikran, (1903-1988)
Formato: Libro
Idioma:French
Publicado: Paris : Hermann, 1945.
Etiquetas: Agregar Etiqueta
Sin Etiquetas, Sea el primero en etiquetar este registro!
LEADER 00620nam a22001695a 4500
001 EEA.libagro009581
005 20180607125124.0
008 130809s1945####fr#a##########000#0#fre#d
082 0 4 |a 502.12 
100 1 |a Dervichian, Dikran,  |d (1903-1988) 
245 0 0 |a Tables annuelles de constantes et données numériques ;  |b 40  |f (1931-1939).  |n Volume XIV. Chapitre 62. 
246 1 |a Annual tables of constants and numerical data 
246 1 |a Colloids 
260 |a Paris :  |b Hermann,  |c 1945. 
300 |a 82 p. :  |b il. ;  |c 25 cm. 
505 0 |a Colloïdes / par D. Dervichian, 
859 |a AR-BbBCA  |b BIB. AGRONOMIA  |h 502.12  |i T113-1  |p 1960/0096ab  |v 40  |3 40